Динамика микромеханического и волнового твердотельного гироскопов

Bibliografiset tiedot
Päätekijä: Меркурьев И. В. Игорь Владимирович
Muut tekijät: Подалков В. В. Валерий Владимирович
Yhteenveto:В целях повышения точности измерений в монографии обсуждаются динамические эффекты, возникающие в различных режимах функционирования гироскопов из-за конечных деформаций содержащихся в них чувствительных элементов и влияния свойств конструкционных материалов. В книге предложены алгоритмы учета и компенсации погрешностей гироскопов, алгоритмы настройки и управления колебаниями для точного определения инерциальной информации. Для специалистов, разрабатывающих гироскопические датчики и системы навигации на их основе.
Kieli:venäjä
Julkaistu: Москва, Физматлит, 2009
Aiheet:
Aineistotyyppi: Kirja
KOHA link:https://koha.lib.tpu.ru/cgi-bin/koha/opac-detail.pl?biblionumber=178058

MARC

LEADER 00000nam0a2200000 4500
001 178058
005 20231101223359.0
010 |a 9785922111256 
035 |a (RuTPU)RU\TPU\book\193041 
090 |a 178058 
100 |a 20100402d2009 k y0rusy50 ca 
101 0 |a rus 
102 |a RU 
105 |a a z 001zy 
200 1 |a Динамика микромеханического и волнового твердотельного гироскопов  |f И. В. Меркурьев, В. В. Подалков 
210 |a Москва  |c Физматлит  |d 2009 
215 |a 228 с.  |c ил. 
320 |a Библиогр.: с. 217-226. 
330 |a В целях повышения точности измерений в монографии обсуждаются динамические эффекты, возникающие в различных режимах функционирования гироскопов из-за конечных деформаций содержащихся в них чувствительных элементов и влияния свойств конструкционных материалов. В книге предложены алгоритмы учета и компенсации погрешностей гироскопов, алгоритмы настройки и управления колебаниями для точного определения инерциальной информации. Для специалистов, разрабатывающих гироскопические датчики и системы навигации на их основе. 
606 1 |a Гироскопы  |x Динамика  |x (физика)  |2 stltpush  |3 (RuTPU)RU\TPU\subj\69458  |9 84309 
610 1 |a микромеханические гироскопы 
610 1 |a волновые твердотельные гироскопы 
610 1 |a вибрационные гироскопы 
610 1 |a резонаторы 
610 1 |a упругая анизотропия 
610 1 |a нелинейные колебания 
675 |a 531.383  |v 3 
700 1 |a Меркурьев  |b И. В.  |g Игорь Владимирович 
701 1 |a Подалков  |b В. В.  |g Валерий Владимирович 
801 1 |a RU  |b 63413507  |c 20100402 
801 2 |a RU  |b 63413507  |c 20100422  |g RCR 
942 |c BK